000 00474ntaaa2200193 4500
003 01
005 20251027201730.0
008 0714s1973 ag 01
040 _aAR-BaBN
_bspa
_cAR-BaBN
_eaacr
_dRIC
082 _a235.4000 M29h
100 _aMaldonado, Luis A.
_915863
245 _aLa hora del exorcista
250 _a1 ed.
260 _aMaracaibo, Venezuela :
_bLibertador,
_c1976
300 _a90 p
650 _aexorcismo
_92988
650 _ademonologia
942 _cBK
999 _c11991
_d11991